{"text_format":"3","workbook":"xlsx","n_sheets":1,"sheets":["Foglio1"],"not_rendered":{"defined_names":1},"read":"whole","date_system":"1900"}

{"sheet":"Foglio1","index":0,"n_rows":280,"n_cols":14,"rows_kept":280,"merged":[[0,0,0,13],[1,0,1,5],[1,6,1,9],[1,10,1,13],[266,0,266,4],[266,6,266,8],[266,10,266,12],[268,6,268,11],[268,12,268,13],[269,6,269,11],[269,12,269,13],[270,6,270,9],[270,10,270,13],[271,0,271,3],[271,6,271,9],[271,10,271,13],[272,2,272,3],[273,2,273,3],[274,2,274,3],[275,2,275,3],[276,2,276,3],[279,5,279,7],[279,8,279,12]]}
["SCHEMA OFFERTA RICAMBI TEMSA"]
["ELENCO RICAMBI",{"$nulls":5},"RICAMBI ORIGINALI OFFERTI",{"$nulls":3},"RICAMBI EQUIVALENTI OFFERTI"]
["Descrizione del ricambio","P.N.\nOriginale","Unità di misura","Q.tà","Prezzo unitario a base d'asta","Prezzo totale a base d'asta","Marca","P. N. ","Prezzo unitario ","Prezzo\ntotale","Marca","P. N. ","Prezzo unitario","Prezzo\ntotale"]
["ADESCATORE GASOLIO","1332609","NR",2,{"v":220.00000000000003,"d":"220.00"},{"$f":"D4*E4","v":{"v":440.00000000000006,"d":"440.00"}},{"$nulls":3},{"$f":"I4*D4","v":0},{"$nulls":3},{"$f":"M4*D4","v":0}]
["ALBERO POMPA","1450190","NR",2,{"v":205.70000000000002,"d":"205.70"},{"v":411.40000000000003,"d":"411.40"},{"$nulls":3},{"$f":"I5*D5","v":0},{"$nulls":3},{"$f":"M5*D5","v":0}]
["AMMORTIZZ. POST. ","NK113121","NR",20,{"v":435.87500000000006,"d":"435.88"},{"v":8717.500000000002,"d":"8,717.50"},{"$nulls":3},{"$f":"I6*D6","v":0},{"$nulls":3},{"$f":"M6*D6","v":0}]
["AMMORTIZZATORE ANT. ","NK260105","NR",12,{"v":447.26000000000005,"d":"447.26"},{"v":5367.120000000001,"d":"5,367.12"},{"$nulls":3},0,{"$nulls":3},0]
["ANELLO ESTERNO","TM153102","NR",18,{"v":1.573,"d":"1.57"},{"v":28.314,"d":"28.31"},{"$nulls":3},0,{"$nulls":3},0]
["ANELLO INTERNO","61102-90020-57","NR",72,{"v":2.4530000000000003,"d":"2.45"},{"v":176.616,"d":"176.62"},{"$nulls":3},0,{"$nulls":3},0]
["ANELLO O.R. ","06.56937-2256","NR",50,{"v":19.470000000000002,"d":"19.47"},{"v":973.5000000000001,"d":"973.50"},{"$nulls":3},0,{"$nulls":3},0]
["ANELLO OR","51.96501-0568","NR",160,{"v":4.631,"d":"4.63"},740.96,{"$nulls":3},0,{"$nulls":3},0]
["ANELLO OR . ","06.56936-0676","NR",70,{"v":3.9160000000000004,"d":"3.92"},{"$f":"D12*E12","v":274.12},{"$nulls":3},0,{"$nulls":3},0]
["ANELLO O-RING","1670333","NR",14,13.31,186.34,{"$nulls":3},0,{"$nulls":3},0]
["ANELLO O-RING","2000734","NR",8,{"v":10.945,"d":"10.95"},87.56,{"$nulls":3},0,{"$nulls":3},0]
["ANTENNA ","7617495115","NR",20,{"v":515.097,"d":"515.10"},{"v":10301.939999999999,"d":"10,301.94"},{"$nulls":3},0,{"$nulls":3},0]
["ASTA LIVELLO OLIO","51.05805-5819","NR",40,{"v":13.530000000000001,"d":"13.53"},{"v":541.2,"d":"541.20"},{"$nulls":3},0,{"$nulls":3},0]
["ASTA LIVELLO OLIO","1885569","NR",4,98.45,{"v":393.8,"d":"393.80"},{"$nulls":3},0,{"$nulls":3},0]
["ASTA LIVELLO OLIO","1691367","NR",2,78.65,{"v":157.3,"d":"157.30"},{"$nulls":3},0,{"$nulls":3},0]
["AVVISATORE ACUST. ","A111/2","NR",12,{"v":228.03000000000003,"d":"228.03"},{"v":2736.3600000000006,"d":"2,736.36"},{"$nulls":3},0,{"$nulls":3},0]
["BAZOTEK","HD202213Y","NR",20,{"v":286.77000000000004,"d":"286.77"},{"v":5735.400000000001,"d":"5,735.40"},{"$nulls":3},0,{"$nulls":3},0]
["BLOCCO DI FISSAGGIO","1341555","NR",2,{"v":111.10000000000001,"d":"111.10"},{"v":222.20000000000002,"d":"222.20"},{"$nulls":3},0,{"$nulls":3},0]
["BOCCOLA FILETTATA","1274721","NR",2,{"v":34.1,"d":"34.10"},{"v":68.2,"d":"68.20"},{"$nulls":3},0,{"$nulls":3},0]
["BOTTONE TENDINA","MA277895Y","NR",200,0.55,{"v":110.00000000000001,"d":"110.00"},{"$nulls":3},0,{"$nulls":3},0]
["BRACCETTO PORTA","YPHD152074","NR",60,{"v":267.641,"d":"267.64"},{"v":16058.460000000001,"d":"16,058.46"},{"$nulls":3},0,{"$nulls":3},0]
["BRACCIO DI GUIDA","HD152240Y","NR",36,{"v":178.827,"d":"178.83"},{"v":6437.772,"d":"6,437.77"},{"$nulls":3},0,{"$nulls":3},0]
["BULLONE","MF101358Y","NR",60,{"v":7.656000000000001,"d":"7.66"},459.36,{"$nulls":3},0,{"$nulls":3},0]
["BULLONE","SB259116Y","NR",24,{"v":10.604000000000001,"d":"10.60"},{"v":254.49600000000004,"d":"254.50"},{"$nulls":3},0,{"$nulls":3},0]
["BULLONE FLANGIA","1313138","NR",6,{"v":0.9900000000000001,"d":"0.99"},5.94,{"$nulls":3},0,{"$nulls":3},0]
["BULLONE FLANGIA","1231054","NR",2,{"v":2.4200000000000004,"d":"2.42"},{"v":4.840000000000001,"d":"4.84"},{"$nulls":3},0,{"$nulls":3},0]
["BULLONE FLANGIATO","1444252","NR",6,{"v":7.370000000000001,"d":"7.37"},{"v":44.220000000000006,"d":"44.22"},{"$nulls":3},0,{"$nulls":3},0]
["BUSSOLA","1624-APA-25Y","NR",12,{"v":82.69800000000001,"d":"82.70"},{"v":992.3760000000001,"d":"992.38"},{"$nulls":3},0,{"$nulls":3},0]
["CENTRALINA ","11116929BY","NR",20,{"v":1931.6000000000001,"d":"1,931.60"},{"v":38632,"d":"38,632.00"},{"$nulls":3},0,{"$nulls":3},0]
["CENTRALINA ","6020544X","NR",20,{"v":940.962,"d":"940.96"},{"v":18819.239999999998,"d":"18,819.24"},{"$nulls":3},0,{"$nulls":3},0]
["CENTRALINA ","1364.21020101","NR",8,{"v":1090.3200000000002,"d":"1,090.32"},{"v":8722.560000000001,"d":"8,722.56"},{"$nulls":3},0,{"$nulls":3},0]
["CERNIERA PORT. VANO MOTORE","HD151065Y","NR",60,{"v":313.874,"d":"313.87"},{"v":18832.440000000002,"d":"18,832.44"},{"$nulls":3},0,{"$nulls":3},0]
["CERNIERA PORT. VANO MOTORE","HD151069Y","NR",60,{"v":313.874,"d":"313.87"},{"v":18832.440000000002,"d":"18,832.44"},{"$nulls":3},0,{"$nulls":3},0]
["CILINDRO ARIA SARACINESCA EGR","51.08150-0044","NR",44,405.35,{"v":17835.4,"d":"17,835.40"},{"$nulls":3},0,{"$nulls":3},0]
["CILINDRO FRENO","0501324579","NR",2,{"v":357.50000000000006,"d":"357.50"},{"v":715.0000000000001,"d":"715.00"},{"$nulls":3},0,{"$nulls":3},0]
["CILINDRO FRENO","0501324580","NR",2,{"v":346.5,"d":"346.50"},{"v":693,"d":"693.00"},{"$nulls":3},0,{"$nulls":3},0]
["CINGHIA ALTERNATORE","1861508","NR",24,{"v":77.55000000000001,"d":"77.55"},{"v":1861.2000000000003,"d":"1,861.20"},{"$nulls":3},0,{"$nulls":3},0]
["CINGHIA ALTERNATORE","1816444","NR",30,{"v":22.330000000000002,"d":"22.33"},{"v":669.9000000000001,"d":"669.90"},{"$nulls":3},0,{"$nulls":3},0]
["COLLETTORE COLLEGAMENTO EGR","51.08151-0119","NR",20,{"v":100.32000000000001,"d":"100.32"},{"v":2006.4,"d":"2,006.40"},{"$nulls":3},0,{"$nulls":3},0]
["COMPRESSORE ","1813541","NR",2,{"v":2508,"d":"2,508.00"},{"v":5016,"d":"5,016.00"},{"$nulls":3},0,{"$nulls":3},0]
["CONDENSATORE ","HD180302-06-04X","NR",12,{"v":1941.5000000000002,"d":"1,941.50"},{"v":23298.000000000004,"d":"23,298.00"},{"$nulls":3},0,{"$nulls":3},0]
["CONDENSATORE ","HD180302-06-05X","NR",8,{"v":885.5000000000001,"d":"885.50"},{"v":7084.000000000001,"d":"7,084.00"},{"$nulls":3},0,{"$nulls":3},0]
["CONDOTTA ","HD213285","NR",24,{"v":116.127,"d":"116.13"},{"v":2787.048,"d":"2,787.05"},{"$nulls":3},0,{"$nulls":3},0]
["CONDOTTA ","5336-APB-04Y","NR",6,{"v":323.004,"d":"323.00"},{"v":1938.0240000000001,"d":"1,938.02"},{"$nulls":3},0,{"$nulls":3},0]
["CONDOTTA ","HD214136","NR",24,{"v":75.29500000000002,"d":"75.30"},{"v":1807.0800000000004,"d":"1,807.08"},{"$nulls":3},0,{"$nulls":3},0]
["CONDOTTA OLIO","HD269221Y","NR",72,{"v":242.00000000000003,"d":"242.00"},{"v":17424.000000000004,"d":"17,424.00"},{"$nulls":3},0,{"$nulls":3},0]
["CONNESSIONE","1328698","NR",2,{"v":297,"d":"297.00"},{"v":594,"d":"594.00"},{"$nulls":3},0,{"$nulls":3},0]
["CONNESSIONE","1625103","NR",2,{"v":167.20000000000002,"d":"167.20"},{"v":334.40000000000003,"d":"334.40"},{"$nulls":3},0,{"$nulls":3},0]
["CONNETTORE","HD269240","NR",48,{"v":109.34000000000002,"d":"109.34"},{"v":5248.320000000001,"d":"5,248.32"},{"$nulls":3},0,{"$nulls":3},0]
["CONNETTORE","62309-90027-31Y","NR",18,{"v":55.57200000000001,"d":"55.57"},{"v":1000.2960000000002,"d":"1,000.30"},{"$nulls":3},0,{"$nulls":3},0]
["CONNETTORE","TU313103","NR",24,{"v":33.176,"d":"33.18"},{"v":796.224,"d":"796.22"},{"$nulls":3},0,{"$nulls":3},0]
["CONNETTORE","51.98180-0005","NR",76,{"v":9.471,"d":"9.47"},{"v":719.796,"d":"719.80"},{"$nulls":3},0,{"$nulls":3},0]
["CONNETTORE","61102-90020-14     ","NR",72,{"v":6.5120000000000005,"d":"6.51"},{"v":468.86400000000003,"d":"468.86"},{"$nulls":3},0,{"$nulls":3},0]
["CONNETTORE ","51.98181-6016","NR",56,14.41,806.96,{"$nulls":3},0,{"$nulls":3},0]
["COPERCHIO","5361-APB-07Y","NR",48,{"v":58.938,"d":"58.94"},{"v":2829.0240000000003,"d":"2,829.02"},{"$nulls":3},0,{"$nulls":3},0]
["COPERCHIO","5361-APB-09Y","NR",24,{"v":102.77300000000001,"d":"102.77"},{"v":2466.552,"d":"2,466.55"},{"$nulls":3},0,{"$nulls":3},0]
["COPERCHIO","HD233277Y","NR",24,{"v":76.89000000000001,"d":"76.89"},{"v":1845.3600000000004,"d":"1,845.36"},{"$nulls":3},0,{"$nulls":3},0]
["COPERCHIO","5361-APB-06Y","NR",24,{"v":58.938,"d":"58.94"},{"v":1414.5120000000002,"d":"1,414.51"},{"$nulls":3},0,{"$nulls":3},0]
["COPERCHIO","5361-APB-23Y","NR",12,{"v":105.05000000000001,"d":"105.05"},{"v":1260.6000000000001,"d":"1,260.60"},{"$nulls":3},0,{"$nulls":3},0]
["COPERCHIO","5361-APB-25Y","NR",12,{"v":102.77300000000001,"d":"102.77"},{"v":1233.276,"d":"1,233.28"},{"$nulls":3},0,{"$nulls":3},0]
["COPERCHIO","5361-APB-27Y","NR",12,{"v":102.77300000000001,"d":"102.77"},{"v":1233.276,"d":"1,233.28"},{"$nulls":3},0,{"$nulls":3},0]
["COPERCHIO","5361-APB-28Y","NR",12,{"v":102.77300000000001,"d":"102.77"},{"v":1233.276,"d":"1,233.28"},{"$nulls":3},0,{"$nulls":3},0]
["COPERCHIO","5361-APB-29Y","NR",12,{"v":102.77300000000001,"d":"102.77"},{"v":1233.276,"d":"1,233.28"},{"$nulls":3},0,{"$nulls":3},0]
["COPERCHIO","5361-APB-19Y","NR",12,{"v":47.575,"d":"47.58"},{"v":570.9000000000001,"d":"570.90"},{"$nulls":3},0,{"$nulls":3},0]
["COPERCHIO","5361-APB-13Y","NR",12,{"v":30.382000000000005,"d":"30.38"},{"$f":"D68*E68","v":{"v":364.58400000000006,"d":"364.58"}},{"$nulls":3},0,{"$nulls":3},0]
["COPERTURA ","NK165191Y","NR",12,{"v":1016.6420000000002,"d":"1,016.64"},{"v":12199.704000000002,"d":"12,199.70"},{"$nulls":3},0,{"$nulls":3},0]
["COPPA SPECCHIO","TY301215X","NR",12,{"v":312.51000000000005,"d":"312.51"},{"v":3750.120000000001,"d":"3,750.12"},{"$nulls":3},{"$f":"I70*D70","v":0},{"$nulls":3},{"$f":"M70*D70","v":0}]
["COPPIGLIA","1624-APA-08Y","NR",24,{"v":11.792000000000002,"d":"11.79"},{"v":283.00800000000004,"d":"283.01"},{"$nulls":3},0,{"$nulls":3},0]
["CUSCINETTO ","9202-05Y","NR",48,{"v":33.792,"d":"33.79"},{"v":1622.016,"d":"1,622.02"},{"$nulls":3},0,{"$nulls":3},0]
["CUSCINETTO POMPA","1256792","NR",2,{"v":102.30000000000001,"d":"102.30"},{"v":204.60000000000002,"d":"204.60"},{"$nulls":3},0,{"$nulls":3},0]
["DADO","MF445107Y","NR",60,{"v":1.584,"d":"1.58"},95.04,{"$nulls":3},0,{"$nulls":3},0]
["DADO A COLLARE","1231051","NR",20,{"v":2.915,"d":"2.92"},{"v":58.3,"d":"58.30"},{"$nulls":3},0,{"$nulls":3},0]
["DADO AUTOBLOCCANTE","1321530","NR",6,{"v":1.1550000000000002,"d":"1.16"},{"v":6.9300000000000015,"d":"6.93"},{"$nulls":3},0,{"$nulls":3},0]
["DADO ESAGONALE","1623045","NR",6,{"v":1.6500000000000001,"d":"1.65"},{"v":9.9,"d":"9.90"},{"$nulls":3},0,{"$nulls":3},0]
["DADO ESAGONALE","1355564","NR",2,2.09,4.18,{"$nulls":3},0,{"$nulls":3},0]
["DADO ESAGONALE","1355549","NR",2,{"v":0.517,"d":"0.52"},{"v":1.034,"d":"1.03"},{"$nulls":3},0,{"$nulls":3},0]
["DETTAGLIO PULEGGIA","1624-APB-02Y","NR",12,{"v":458.557,"d":"458.56"},{"v":5502.684,"d":"5,502.68"},{"$nulls":3},0,{"$nulls":3},0]
["DISCO FRENO POST","A9754230612","NR",8,{"v":376.057,"d":"376.06"},{"v":3008.456,"d":"3,008.46"},{"$nulls":3},0,{"$nulls":3},0]
["DISCO FRENO POST.","0501316953","NR",20,{"v":592.9000000000001,"d":"592.90"},{"v":11858.000000000002,"d":"11,858.00"},{"$nulls":3},0,{"$nulls":3},0]
["ELEMENTO FILTRO ARIA","1664524","NR",30,{"v":88,"d":"88.00"},{"v":2640,"d":"2,640.00"},{"$nulls":3},0,{"$nulls":3},0]
["ELETTROVALVOLA","9604-02","NR",12,{"v":390.50000000000006,"d":"390.50"},{"v":4686.000000000001,"d":"4,686.00"},{"$nulls":3},0,{"$nulls":3},0]
["ELETTROVALVOLA ","TC298201","NR",12,{"v":133.705,"d":"133.71"},{"v":1604.46,"d":"1,604.46"},{"$nulls":3},0,{"$nulls":3},0]
["ELETTROVALVOLA BLOCCO ACCENS.","1500.89000062","NR",16,{"v":1188,"d":"1,188.00"},{"v":19008,"d":"19,008.00"},{"$nulls":3},0,{"$nulls":3},0]
["ESSICCATORE COMPLETO","TC298200","NR",24,{"v":1089,"d":"1,089.00"},{"v":26136,"d":"26,136.00"},{"$nulls":3},0,{"$nulls":3},0]
["FANALE FRECCIA","HD254184Y","NR",60,{"v":38.214000000000006,"d":"38.21"},{"v":2292.84,"d":"2,292.84"},{"$nulls":3},0,{"$nulls":3},0]
["FASCETTA","06.67420-1223","NR",200,{"v":3.003,"d":"3.00"},{"v":600.6,"d":"600.60"},{"$nulls":3},0,{"$nulls":3},0]
["FASCETTA PER TUBO","1675741","NR",4,{"v":41.525000000000006,"d":"41.53"},{"v":166.10000000000002,"d":"166.10"},{"$nulls":3},0,{"$nulls":3},0]
["FILTRO  SEPARATORE EAS","1686587","NR",20,26.62,{"v":532.4,"d":"532.40"},{"$nulls":3},0,{"$nulls":3},0]
["FILTRO CAMBIO","0501216503","NR",6,{"v":108.57000000000001,"d":"108.57"},{"v":651.4200000000001,"d":"651.42"},{"$nulls":3},0,{"$nulls":3},0]
["FILTRO CARBURANTE","51.12503-0061","NR",20,{"v":36.96000000000001,"d":"36.96"},{"v":739.2000000000002,"d":"739.20"},{"$nulls":3},0,{"$nulls":3},0]
["FILTRO DECANTATORE","1433649","NR",20,{"v":56.1,"d":"56.10"},{"v":1122,"d":"1,122.00"},{"$nulls":3},0,{"$nulls":3},0]
["FILTRO GASOLIO","1699168","NR",70,{"v":28.325000000000003,"d":"28.33"},{"v":1982.7500000000002,"d":"1,982.75"},{"$nulls":3},0,{"$nulls":3},0]
["FILTRO OLIO","1397764","NR",30,{"v":34.375,"d":"34.38"},{"v":1031.25,"d":"1,031.25"},{"$nulls":3},0,{"$nulls":3},0]
["FILTRO OLIO MOTORE","51.05501-7160","NR",20,{"v":20.405,"d":"20.41"},{"v":408.1,"d":"408.10"},{"$nulls":3},0,{"$nulls":3},0]
["FILTRO SEPARATORE","1861882","NR",2,{"v":742.5000000000001,"d":"742.50"},{"v":1485.0000000000002,"d":"1,485.00"},{"$nulls":3},0,{"$nulls":3},0]
["FILTROAD BLUE","1789050","NR",10,{"v":81.4,"d":"81.40"},{"v":814,"d":"814.00"},{"$nulls":3},0,{"$nulls":3},0]
["FLANGIA","1323914","NR",4,{"v":251.90000000000003,"d":"251.90"},{"v":1007.6000000000001,"d":"1,007.60"},{"$nulls":3},0,{"$nulls":3},0]
["FLESSIBILE  ","04.27405-9504","NR",36,45.54,{"v":1639.44,"d":"1,639.44"},{"$nulls":3},0,{"$nulls":3},0]
["FUSIBILE ","PB100018Y","NR",60,{"v":101.497,"d":"101.50"},{"v":6089.82,"d":"6,089.82"},{"$nulls":3},0,{"$nulls":3},0]
["GANCIO TENDINA","TU235199Y","NR",800,{"v":0.5720000000000001,"d":"0.57"},{"v":457.6,"d":"457.60"},{"$nulls":3},0,{"$nulls":3},0]
["GIRANTE POMPA","1282029","NR",2,{"v":239.8,"d":"239.80"},{"v":479.6,"d":"479.60"},{"$nulls":3},0,{"$nulls":3},0]
["GIUNTO VISCOSTATICO","1365-APA-02","NR",24,{"v":1452.9723756906078,"d":"1,452.97"},{"v":34871.33701657459,"d":"34,871.34"},{"$nulls":3},0,{"$nulls":3},0]
["GOMITO","61102-90020-15","NR",24,{"v":49.885000000000005,"d":"49.89"},{"v":1197.2400000000002,"d":"1,197.24"},{"$nulls":3},0,{"$nulls":3},0]
["GOMMINO LAMPADA","HD253111Y","NR",24,{"v":16.214000000000002,"d":"16.21"},{"v":389.1360000000001,"d":"389.14"},{"$nulls":3},0,{"$nulls":3},0]
["GRUPPO ASTA STABILIZZATORE","HD260201Y","NR",12,{"v":876.5130000000001,"d":"876.51"},{"v":10518.156000000003,"d":"10,518.16"},{"$nulls":3},0,{"$nulls":3},0]
["GUARNIZIONE","1676984","NR",2,{"v":11.330000000000002,"d":"11.33"},{"v":22.660000000000004,"d":"22.66"},{"$nulls":3},0,{"$nulls":3},0]
["GUARNIZIONE","1365700","NR",2,{"v":3.9050000000000002,"d":"3.91"},{"v":7.8100000000000005,"d":"7.81"},{"$nulls":3},0,{"$nulls":3},0]
["GUARNIZIONE ","1285773","NR",2,{"v":47.025000000000006,"d":"47.03"},{"v":94.05000000000001,"d":"94.05"},{"$nulls":3},0,{"$nulls":3},0]
["GUARNIZIONE  ","51.08901-0269","NR",48,{"v":16.445,"d":"16.45"},789.36,{"$nulls":3},0,{"$nulls":3},0]
["GUARNIZIONE  ","51.08901-0241","NR",24,{"v":12.265,"d":"12.27"},294.36,{"$nulls":3},0,{"$nulls":3},0]
["GUARNIZIONE","51.06903-0067","NR",160,{"v":5.423,"d":"5.42"},{"v":867.6800000000001,"d":"867.68"},{"$nulls":3},0,{"$nulls":3},0]
["GUARNIZIONE ASP/SCARICO","51.08901-0252","NR",30,{"v":97.35000000000001,"d":"97.35"},{"v":2920.5000000000005,"d":"2,920.50"},{"$nulls":3},0,{"$nulls":3},0]
["GUARNIZIONE COLL. SCARICO","51.08901-0254","NR",24,{"v":49.720000000000006,"d":"49.72"},{"v":1193.2800000000002,"d":"1,193.28"},{"$nulls":3},0,{"$nulls":3},0]
["GUARNIZIONE COLL. SCARICO","51.08901-0253","NR",32,{"v":33.05500000000001,"d":"33.06"},{"v":1057.7600000000002,"d":"1,057.76"},{"$nulls":3},0,{"$nulls":3},0]
["GUARNIZIONE LAMPADA","HD110551Y","NR",24,{"v":34.727000000000004,"d":"34.73"},{"v":833.4480000000001,"d":"833.45"},{"$nulls":3},0,{"$nulls":3},0]
["GUARNIZIONE POMPA","1205399","NR",4,27.39,109.56,{"$nulls":3},0,{"$nulls":3},0]
["GUARNIZIONE POMPA ACQUA","1205401","NR",8,{"v":22.880000000000003,"d":"22.88"},{"v":183.04000000000002,"d":"183.04"},{"$nulls":3},0,{"$nulls":3},0]
["GUARNIZIONE SEPARATORE OLIO","1779706","NR",4,{"v":16.5,"d":"16.50"},{"v":66,"d":"66.00"},{"$nulls":3},0,{"$nulls":3},0]
["INGRANAGGIO PORTA","25-224-0006--101","NR",6,493.35,{"v":2960.1000000000004,"d":"2,960.10"},{"$nulls":3},0,{"$nulls":3},0]
["INSERTO PULSANTI","TO254581","NR",24,{"v":6.050000000000001,"d":"6.05"},{"v":145.20000000000002,"d":"145.20"},{"$nulls":3},0,{"$nulls":3},0]
["INTERMITTENZA TERGI","RP254601Y","NR",48,{"v":180.15800000000002,"d":"180.16"},{"v":8647.584,"d":"8,647.58"},{"$nulls":3},0,{"$nulls":3},0]
["INTERRUTTORE BAGAGLIERA","HD254148","NR",18,{"v":79.86850828729281,"d":"79.87"},{"v":1437.6331491712706,"d":"1,437.63"},{"$nulls":3},0,{"$nulls":3},0]
["INTERRUTTORE FRECCE EMERGENZA","TO254550","NR",24,87.56,{"v":2101.44,"d":"2,101.44"},{"$nulls":3},0,{"$nulls":3},0]
["INTERRUTTORE LUCE FRENO","TC298207","NR",24,{"v":112.72800000000001,"d":"112.73"},{"v":2705.472,"d":"2,705.47"},{"$nulls":3},0,{"$nulls":3},0]
["KIT PASTICCHE FRENI ","311.00027610","NR",12,413.05,{"v":4956.6,"d":"4,956.60"},{"$nulls":3},0,{"$nulls":3},0]
["LOGO TEMSA","TO350243","NR",120,{"v":66.275,"d":"66.28"},{"v":7953.000000000001,"d":"7,953.00"},{"$nulls":3},0,{"$nulls":3},0]
["LOGO TEMSA","TO350242","NR",20,{"v":49.896,"d":"49.90"},{"v":997.9200000000001,"d":"997.92"},{"$nulls":3},0,{"$nulls":3},0]
["LUCE ","TC852112","NR",10,{"v":38.522000000000006,"d":"38.52"},385.22,{"$nulls":3},0,{"$nulls":3},0]
["LUCE LENTE","HD254364","NR",12,{"v":13.728000000000002,"d":"13.73"},{"$f":"D132*E132","v":{"v":164.73600000000002,"d":"164.74"}},{"$nulls":3},0,{"$nulls":3},0]
["LUCE LENTE","HD254368","NR",12,{"v":13.728000000000002,"d":"13.73"},{"v":164.73600000000002,"d":"164.74"},{"$nulls":3},0,{"$nulls":3},0]
["LUCE LENTE","HD254369","NR",12,{"v":13.728000000000002,"d":"13.73"},{"v":164.73600000000002,"d":"164.74"},{"$nulls":3},{"$f":"I134*D134","v":0},{"$nulls":3},{"$f":"M134*D134","v":0}]
["LUCE TARGA ","9451-02","NR",60,{"v":46.739000000000004,"d":"46.74"},{"v":2804.34,"d":"2,804.34"},{"$nulls":3},0,{"$nulls":3},0]
["LUNOTTO ","HD243102Y","NR",10,{"v":1362.68,"d":"1,362.68"},{"v":13626.800000000001,"d":"13,626.80"},{"$nulls":3},0,{"$nulls":3},0]
["MANICOTTO","HD214146","NR",30,{"v":196.68000000000004,"d":"196.68"},{"v":5900.4000000000015,"d":"5,900.40"},{"$nulls":3},0,{"$nulls":3},0]
["MANICOTTO","62348-94100-03","NR",30,{"v":18.854000000000003,"d":"18.85"},{"v":565.6200000000001,"d":"565.62"},{"$nulls":3},0,{"$nulls":3},0]
["MANICOTTO ","1392385","NR",20,{"v":240.9,"d":"240.90"},{"v":4818,"d":"4,818.00"},{"$nulls":3},0,{"$nulls":3},0]
["MANICOTTO  ","62322-40490-02","NR",24,{"v":138.006,"d":"138.01"},{"v":3312.1440000000002,"d":"3,312.14"},{"$nulls":3},0,{"$nulls":3},0]
["MANICOTTO ","62322-40490-01","NR",12,{"v":145.64000000000001,"d":"145.64"},{"v":1747.6800000000003,"d":"1,747.68"},{"$nulls":3},0,{"$nulls":3},0]
["MANICOTTO POMPA ACQUA","1310507","NR",4,{"v":172.70000000000002,"d":"172.70"},{"v":690.8000000000001,"d":"690.80"},{"$nulls":3},0,{"$nulls":3},0]
["MANIGLIA FINESTRINO","SB241113-01Y","NR",80,{"v":20.581000000000003,"d":"20.58"},{"v":1646.4800000000002,"d":"1,646.48"},{"$nulls":3},0,{"$nulls":3},0]
["MEMBRANA SOSP. ","NK114101-01Y","NR",12,{"v":204.60000000000002,"d":"204.60"},{"v":2455.2000000000003,"d":"2,455.20"},{"$nulls":3},0,{"$nulls":3},0]
["MEMBRANA SOSP. ","TE771107Y","NR",20,{"v":182.32500000000002,"d":"182.33"},{"v":3646.5000000000005,"d":"3,646.50"},{"$nulls":3},0,{"$nulls":3},0]
["MEMBRANA SOSP. ","TE771107NY","NR",20,{"v":192.50000000000003,"d":"192.50"},{"v":3850.0000000000005,"d":"3,850.00"},{"$nulls":3},0,{"$nulls":3},0]
["MODULATORE ASSALE EBS","4801040090","NR",2,{"v":2569.974,"d":"2,569.97"},{"v":5139.948,"d":"5,139.95"},{"$nulls":3},0,{"$nulls":3},0]
["MODULO BOTOLA TETTO","NK229100-01Y","NR",2,{"v":204.754,"d":"204.75"},{"v":409.508,"d":"409.51"},{"$nulls":3},0,{"$nulls":3},0]
["MODULO E.G.R.","51.08100-7210","NR",30,{"v":2608.1000000000004,"d":"2,608.10"},{"v":78243.00000000001,"d":"78,243.00"},{"$nulls":3},0,{"$nulls":3},0]
["MOLLA BRACCIO PORTA","4204008Y","NR",60,{"v":123.156,"d":"123.16"},{"v":7389.360000000001,"d":"7,389.36"},{"$nulls":3},0,{"$nulls":3},0]
["MOTORINO ","0132801141","NR",10,{"v":118.26100000000001,"d":"118.26"},{"v":1182.6100000000001,"d":"1,182.61"},{"$nulls":3},0,{"$nulls":3},0]
["MOTORINO TERGI","HD251122","NR",18,{"v":1166,"d":"1,166.00"},{"v":20988,"d":"20,988.00"},{"$nulls":3},0,{"$nulls":3},0]
["MULTISET  SPEAKER","5550-APA-04Y","NR",20,{"v":244.98100000000002,"d":"244.98"},{"v":4899.620000000001,"d":"4,899.62"},{"$nulls":3},0,{"$nulls":3},0]
["MULTISET  SPEAKER","5550-APA-01Y","NR",20,{"v":193.094,"d":"193.09"},{"v":3861.88,"d":"3,861.88"},{"$nulls":3},0,{"$nulls":3},0]
["MULTISET SPEAKER","5550-APA-02Y","NR",20,{"v":244.98100000000002,"d":"244.98"},{"v":4899.620000000001,"d":"4,899.62"},{"$nulls":3},0,{"$nulls":3},0]
["MULTISET","5550-APA-03Y","NR",30,{"v":342.89200000000005,"d":"342.89"},{"v":10286.760000000002,"d":"10,286.76"},{"$nulls":3},0,{"$nulls":3},0]
["O-RING","2000735","NR",12,{"v":10.945,"d":"10.95"},131.34,{"$nulls":3},0,{"$nulls":3},0]
["O-RING","0751872","NR",6,{"v":19.360000000000003,"d":"19.36"},{"v":116.16000000000003,"d":"116.16"},{"$nulls":3},0,{"$nulls":3},0]
["O-RING","1275904","NR",8,13.42,107.36,{"$nulls":3},0,{"$nulls":3},0]
["O-RING","1332011","NR",10,{"v":8.030000000000001,"d":"8.03"},{"v":80.30000000000001,"d":"80.30"},{"$nulls":3},0,{"$nulls":3},0]
["O-RING","1302988","NR",6,{"v":13.200000000000001,"d":"13.20"},{"v":79.2,"d":"79.20"},{"$nulls":3},0,{"$nulls":3},0]
["O-RING","1205424","NR",4,{"v":11.330000000000002,"d":"11.33"},{"v":45.32000000000001,"d":"45.32"},{"$nulls":3},0,{"$nulls":3},0]
["O-RING","1368341","NR",4,7.15,{"v":28.6,"d":"28.60"},{"$nulls":3},0,{"$nulls":3},0]
["O-RING","1809252","NR",4,{"v":0.30800000000000005,"d":"0.31"},{"v":1.2320000000000002,"d":"1.23"},{"$nulls":3},0,{"$nulls":3},0]
["O-RING","1809251","NR",4,{"v":0.198,"d":"0.20"},{"v":0.792,"d":"0.79"},{"$nulls":3},0,{"$nulls":3},0]
["O-RING ","2000731","NR",2,{"v":7.9750000000000005,"d":"7.98"},{"v":15.950000000000001,"d":"15.95"},{"$nulls":3},0,{"$nulls":3},0]
["PANNELLO ISOLAMENTO","TY202313","NR",12,{"v":217.91000000000003,"d":"217.91"},{"v":2614.92,"d":"2,614.92"},{"$nulls":3},0,{"$nulls":3},0]
["PANNELLO PROTEZ.","HD280160Y","NR",12,{"v":85.206,"d":"85.21"},{"v":1022.472,"d":"1,022.47"},{"$nulls":3},0,{"$nulls":3},0]
["PANNELLO PROTEZIONE","HD127106Y","NR",24,{"v":1032.0200000000002,"d":"1,032.02"},{"v":24768.480000000003,"d":"24,768.48"},{"$nulls":3},0,{"$nulls":3},0]
["PANNELLO PROTEZIONE","HD127100Y","NR",36,{"v":604.5600000000001,"d":"604.56"},{"v":21764.160000000003,"d":"21,764.16"},{"$nulls":3},0,{"$nulls":3},0]
["PARABREZZA","NK244102Y","NR",6,{"v":2398,"d":"2,398.00"},{"v":14388,"d":"14,388.00"},{"$nulls":3},0,{"$nulls":3},0]
["PARABREZZA ","HD244204Y","NR",16,{"v":2343,"d":"2,343.00"},{"v":37488,"d":"37,488.00"},{"$nulls":3},0,{"$nulls":3},0]
["PERNO TENDINA ","TA27789703Y","NR",200,{"v":3.0250000000000004,"d":"3.03"},{"v":605.0000000000001,"d":"605.00"},{"$nulls":3},0,{"$nulls":3},0]
["PINZA FRENI","A0024202201","NR",4,{"v":1207.25,"d":"1,207.25"},{"v":4829,"d":"4,829.00"},{"$nulls":3},0,{"$nulls":3},0]
["PINZA FRENO","0501220401","NR",2,{"v":2548.7000000000003,"d":"2,548.70"},{"v":5097.400000000001,"d":"5,097.40"},{"$nulls":3},0,{"$nulls":3},0]
["PINZA FRENO","0501220400","NR",2,{"v":2514.2810000000004,"d":"2,514.28"},{"v":5028.562000000001,"d":"5,028.56"},{"$nulls":3},0,{"$nulls":3},0]
["POMPA ACQUA","1734841","NR",2,{"v":1155,"d":"1,155.00"},{"v":2310,"d":"2,310.00"},{"$nulls":3},0,{"$nulls":3},0]
["POMPA ACQUA","51.06500-6692","NR",2,{"v":501.6,"d":"501.60"},{"v":1003.2,"d":"1,003.20"},{"$nulls":3},0,{"$nulls":3},0]
["POMPA GASOLIO","1875624","NR",2,{"v":671,"d":"671.00"},{"v":1342,"d":"1,342.00"},{"$nulls":3},0,{"$nulls":3},0]
["PORTAGOMMA","CG213142Y","NR",24,{"v":22.352000000000004,"d":"22.35"},{"v":536.4480000000001,"d":"536.45"},{"$nulls":3},0,{"$nulls":3},0]
["PPC","1197732058","NR",20,{"v":300.3,"d":"300.30"},{"v":6006,"d":"6,006.00"},{"$nulls":3},0,{"$nulls":3},0]
["PPC","1197712058","NR",20,{"v":235.4,"d":"235.40"},{"v":4708,"d":"4,708.00"},{"$nulls":3},0,{"$nulls":3},0]
["PRIGIONIERO","1650668","NR",2,{"v":2.6950000000000003,"d":"2.70"},{"v":5.390000000000001,"d":"5.39"},{"$nulls":3},0,{"$nulls":3},0]
["PULEGGIA","1374-APB-02Y","NR",24,{"v":632.555,"d":"632.56"},{"v":15181.32,"d":"15,181.32"},{"$nulls":3},0,{"$nulls":3},0]
["PULEGGIA CINGHIE","1370915","NR",2,{"v":577.5,"d":"577.50"},{"v":1155,"d":"1,155.00"},{"$nulls":3},0,{"$nulls":3},0]
["PULSANTE RICHIESTA FERMATA","63111-90016-33Y","NR",60,{"v":10.285,"d":"10.29"},{"v":617.1,"d":"617.10"},{"$nulls":3},0,{"$nulls":3},0]
["RACCORDO ","51.98181-6027","NR",36,{"v":8.162,"d":"8.16"},{"v":293.83200000000005,"d":"293.83"},{"$nulls":3},0,{"$nulls":3},0]
["RADIATORE","51.09500-7153","NR",16,{"v":1873.3000000000002,"d":"1,873.30"},{"v":29972.800000000003,"d":"29,972.80"},{"$nulls":3},0,{"$nulls":3},0]
["RADIATORE","NK267157Y","NR",12,{"v":4129.290000000001,"d":"4,129.29"},{"v":49551.48000000001,"d":"49,551.48"},{"$nulls":3},0,{"$nulls":3},0]
["RULLO TENDITORE","1800898","NR",4,{"v":440.00000000000006,"d":"440.00"},{"v":1760.0000000000002,"d":"1,760.00"},{"$nulls":3},0,{"$nulls":3},0]
["SARACINESCA D'INTERCETT.","51.08150-6149","NR",44,{"v":1571.9,"d":"1,571.90"},{"v":69163.6,"d":"69,163.60"},{"$nulls":3},0,{"$nulls":3},0]
["SCATOLA PER VALVOLA NON RIT.","51.08151-0133","NR",50,{"v":114.29000000000002,"d":"114.29"},{"v":5714.500000000001,"d":"5,714.50"},{"$nulls":3},0,{"$nulls":3},0]
["SEGMENTO","9107-07Y","NR",48,{"v":5.478000000000001,"d":"5.48"},{"v":262.944,"d":"262.94"},{"$nulls":3},0,{"$nulls":3},0]
["SENSORE LIVELLO ACQUA","HD172200Y","NR",30,413.05,{"v":12391.5,"d":"12,391.50"},{"$nulls":3},0,{"$nulls":3},0]
["SENSORE TEMP. A MONTE","1810690","NR",2,{"v":118.80000000000001,"d":"118.80"},{"v":237.60000000000002,"d":"237.60"},{"$nulls":3},0,{"$nulls":3},0]
["SENSORE TEMP. A VALLE","1810691","NR",2,{"v":118.80000000000001,"d":"118.80"},{"$f":"D196*E196","v":{"v":237.60000000000002,"d":"237.60"}},{"$nulls":3},0,{"$nulls":3},0]
["SEPARATORE OLIO","1738656","NR",4,{"v":140.8,"d":"140.80"},{"v":563.2,"d":"563.20"},{"$nulls":3},0,{"$nulls":3},0]
["SERBATOIO ARIA","TC298310-10Y","NR",12,{"v":430.8260000000001,"d":"430.83"},{"v":5169.912000000001,"d":"5,169.91"},{"$nulls":3},{"$f":"I198*D198","v":0},{"$nulls":3},{"$f":"M198*D198","v":0}]
["SERIE PASTIGLIE FRENO","311.00027610","NR",10,{"v":415.272,"d":"415.27"},{"v":4152.72,"d":"4,152.72"},{"$nulls":3},0,{"$nulls":3},0]
["SERIE RICAMBI ","51.08140-6014","NR",56,53.24,{"v":2981.44,"d":"2,981.44"},{"$nulls":3},0,{"$nulls":3},0]
["SERIE TENDINE","5369-182Y","NR",14,{"v":1204.5,"d":"1,204.50"},{"v":16863,"d":"16,863.00"},{"$nulls":3},0,{"$nulls":3},0]
["SERIE TENDINE ","5369-168Y","NR",12,{"v":1227.6000000000001,"d":"1,227.60"},{"v":14731.2,"d":"14,731.20"},{"$nulls":3},0,{"$nulls":3},0]
["SERRATURA ","NK323104Y","NR",60,{"v":23.650000000000002,"d":"23.65"},{"v":1419.0000000000002,"d":"1,419.00"},{"$nulls":3},0,{"$nulls":3},0]
["SERRATURA COMPLETA","MC375615Y","NR",40,54.34,{"v":2173.6000000000004,"d":"2,173.60"},{"$nulls":3},0,{"$nulls":3},0]
["SNODO DX TIRANTE PORTA","HD152630Y","NR",200,{"v":33.957,"d":"33.96"},{"v":6791.400000000001,"d":"6,791.40"},{"$nulls":3},0,{"$nulls":3},0]
["SNODO SX TIRANTE PORTA","HD152631Y","NR",200,{"v":33.957,"d":"33.96"},{"v":6791.400000000001,"d":"6,791.40"},{"$nulls":3},0,{"$nulls":3},0]
["SONDA NOX A MONTE","2011649","NR",4,{"v":566.5,"d":"566.50"},{"v":2266,"d":"2,266.00"},{"$nulls":3},0,{"$nulls":3},0]
["SONDA NOX A VALLE ","2011650","NR",6,{"v":566.5,"d":"566.50"},{"v":3399,"d":"3,399.00"},{"$nulls":3},0,{"$nulls":3},0]
["SPAZZOLA TERGI MD","5042-APA-01Y","NR",50,{"v":101.58500000000001,"d":"101.59"},{"v":5079.25,"d":"5,079.25"},{"$nulls":3},0,{"$nulls":3},0]
["SPIRALE PNEUMATICA","1458702","NR",6,{"v":262.90000000000003,"d":"262.90"},{"v":1577.4,"d":"1,577.40"},{"$nulls":3},0,{"$nulls":3},0]
["STAFFA LUNOTTO","HD243101Y","NR",30,{"v":5.181,"d":"5.18"},155.43,{"$nulls":3},0,{"$nulls":3},0]
["SUPPORTO ","HD181012SY","NR",6,{"v":729.2890000000001,"d":"729.29"},{"v":4375.734,"d":"4,375.73"},{"$nulls":3},0,{"$nulls":3},0]
["SUPPORTO PORTIERA","SB152165Y","NR",160,{"v":46.244,"d":"46.24"},{"v":7399.04,"d":"7,399.04"},{"$nulls":3},0,{"$nulls":3},0]
["TAPPO","TA27789701Y","NR",200,4.29,{"v":858,"d":"858.00"},{"$nulls":3},0,{"$nulls":3},0]
["TAPPO","HD213457Y","NR",24,{"v":30.844,"d":"30.84"},{"v":740.2560000000001,"d":"740.26"},{"$nulls":3},0,{"$nulls":3},0]
["TAPPO COPPA INF.","0243562","NR",4,{"v":14.190000000000001,"d":"14.19"},{"v":56.760000000000005,"d":"56.76"},{"$nulls":3},0,{"$nulls":3},0]
["TAPPO GASOLIO AVENUE","NK160122","NR",60,{"v":175.45000000000002,"d":"175.45"},{"v":10527.000000000002,"d":"10,527.00"},{"$nulls":3},0,{"$nulls":3},0]
["TAPPO VASCHETTA AVENUE","NK267140-04Y","NR",12,{"v":60.346000000000004,"d":"60.35"},{"v":724.152,"d":"724.15"},{"$nulls":3},0,{"$nulls":3},0]
["TENDITORE ","RP175105X","NR",60,440.44,{"v":26426.4,"d":"26,426.40"},{"$nulls":3},0,{"$nulls":3},0]
["TERMOSTATO","1661375","NR",6,{"v":73.7,"d":"73.70"},{"v":442.20000000000005,"d":"442.20"},{"$nulls":3},0,{"$nulls":3},0]
["TIRANTE","3724-APA-02Y","NR",12,{"v":467.18100000000004,"d":"467.18"},{"v":5606.1720000000005,"d":"5,606.17"},{"$nulls":3},0,{"$nulls":3},0]
["TIRANTE ","HD152074Y","NR",72,{"v":242.00000000000003,"d":"242.00"},{"v":17424.000000000004,"d":"17,424.00"},{"$nulls":3},0,{"$nulls":3},0]
["TIRANTE PORTA ANTERIORE","4407-APA-01Y","NR",36,205.15,{"v":7385.400000000001,"d":"7,385.40"},{"$nulls":3},0,{"$nulls":3},0]
["TIRANTE PORTA CENTRALE","YSB152236Y","NR",72,{"v":183.52400000000003,"d":"183.52"},{"v":13213.728000000003,"d":"13,213.73"},{"$nulls":3},0,{"$nulls":3},0]
["TUBAZIONE  INIEZIONE CILINDRI ","51.10301-6194","NR",56,226.05,{"v":12658.800000000001,"d":"12,658.80"},{"$nulls":3},0,{"$nulls":3},0]
["TUBAZIONE  INIEZIONE CILINDRI ","51.10301-6195","NR",56,226.05,{"v":12658.800000000001,"d":"12,658.80"},{"$nulls":3},0,{"$nulls":3},0]
["TUBAZIONE DELLO SCARICO","51.08153-0058","NR",12,132.55,{"v":1590.6000000000001,"d":"1,590.60"},{"$nulls":3},0,{"$nulls":3},0]
["TUBO","TU213418","NR",72,{"v":40.68900000000001,"d":"40.69"},{"v":2929.6080000000006,"d":"2,929.61"},{"$nulls":3},0,{"$nulls":3},0]
["TUBO","SB213148-01","NR",12,{"v":56.617000000000004,"d":"56.62"},{"v":679.404,"d":"679.40"},{"$nulls":3},0,{"$nulls":3},0]
["TUBO A GOMITO ","HD213263","NR",36,{"v":54.59300000000001,"d":"54.59"},{"v":1965.3480000000004,"d":"1,965.35"},{"$nulls":3},0,{"$nulls":3},0]
["TUBO ACQUA","TU213156","NR",36,{"v":104.17000000000002,"d":"104.17"},{"v":3750.120000000001,"d":"3,750.12"},{"$nulls":3},0,{"$nulls":3},0]
["TUBO ACQUA","TU213406","NR",36,{"v":22.968,"d":"22.97"},{"v":826.848,"d":"826.85"},{"$nulls":3},0,{"$nulls":3},0]
["TUBO ACQUA","HD213800Y","NR",12,{"v":40.01800000000001,"d":"40.02"},{"v":480.2160000000001,"d":"480.22"},{"$nulls":3},0,{"$nulls":3},0]
["TUBO AD BLUE","1734003","NR",2,{"v":147.4,"d":"147.40"},{"v":294.8,"d":"294.80"},{"$nulls":3},0,{"$nulls":3},0]
["TUBO ARIA ","1651174","NR",2,{"v":687.5,"d":"687.50"},{"v":1375,"d":"1,375.00"},{"$nulls":3},0,{"$nulls":3},0]
["TUBO ARIA FRENI","9650-16Y","NR",30,{"v":222.98100000000002,"d":"222.98"},{"v":6689.43,"d":"6,689.43"},{"$nulls":3},0,{"$nulls":3},0]
["TUBO ARIA FRENO","NK311202Y","NR",36,{"v":168.19000000000003,"d":"168.19"},{"v":6054.840000000001,"d":"6,054.84"},{"$nulls":3},0,{"$nulls":3},0]
["TUBO FLEX COMPRESSORE","YPHD311118Y","NR",18,{"v":313.5,"d":"313.50"},{"v":5643,"d":"5,643.00"},{"$nulls":3},0,{"$nulls":3},0]
["TUBO FLEX COMPRESSORE","HD311118Y","NR",12,{"v":291.5,"d":"291.50"},{"v":3498,"d":"3,498.00"},{"$nulls":3},0,{"$nulls":3},0]
["TUBO FRENI","9650-17Y","NR",12,{"v":222.98100000000002,"d":"222.98"},{"v":2675.7720000000004,"d":"2,675.77"},{"$nulls":3},0,{"$nulls":3},0]
["TUBO GASOLIO","HD161314Y","NR",200,{"v":35.49700000000001,"d":"35.50"},{"v":7099.4000000000015,"d":"7,099.40"},{"$nulls":3},0,{"$nulls":3},0]
["TUBO GASOLIO","HD161310Y","NR",48,{"v":113.03600000000002,"d":"113.04"},{"v":5425.728000000001,"d":"5,425.73"},{"$nulls":3},0,{"$nulls":3},0]
["TUBO GASOLIO","HD161304Y","NR",30,{"v":170.5,"d":"170.50"},{"v":5115,"d":"5,115.00"},{"$nulls":3},0,{"$nulls":3},0]
["TUBO GASOLIO","HD161302Y","NR",30,{"v":162.61300000000003,"d":"162.61"},{"v":4878.390000000001,"d":"4,878.39"},{"$nulls":3},0,{"$nulls":3},0]
["TUBO GASOLIO","HD161303Y","NR",30,{"v":162.61300000000003,"d":"162.61"},{"v":4878.390000000001,"d":"4,878.39"},{"$nulls":3},0,{"$nulls":3},0]
["TUBO GASOLIO","HD161321Y","NR",48,{"v":39.62200000000001,"d":"39.62"},{"v":1901.8560000000002,"d":"1,901.86"},{"$nulls":3},0,{"$nulls":3},0]
["TUBO IMMISSIONE ARIA","1615174","NR",2,{"v":704,"d":"704.00"},{"v":1408,"d":"1,408.00"},{"$nulls":3},0,{"$nulls":3},0]
["TUBO REFRIGERANTE POMPA","1835252","NR",6,{"v":141.9,"d":"141.90"},{"v":851.4000000000001,"d":"851.40"},{"$nulls":3},0,{"$nulls":3},0]
["TURBOCOMPRESSORE","1876451","NR",2,{"v":1925.0000000000002,"d":"1,925.00"},{"v":3850.0000000000005,"d":"3,850.00"},{"$nulls":3},0,{"$nulls":3},0]
["VALVOLA","1657107","NR",2,{"v":45.1,"d":"45.10"},{"v":90.2,"d":"90.20"},{"$nulls":3},0,{"$nulls":3},0]
["VALVOLA DI RITEGNO","HD213533Y","NR",24,{"v":829.3670000000001,"d":"829.37"},{"v":19904.808,"d":"19,904.81"},{"$nulls":3},0,{"$nulls":3},0]
["VALVOLA DI RITEGNO","0600082081","NR",12,{"v":271.15000000000003,"d":"271.15"},{"v":3253.8,"d":"3,253.80"},{"$nulls":3},0,{"$nulls":3},0]
["VALVOLA DI SCARICO AUTOMATICO","61201-94050-26","NR",60,{"v":594,"d":"594.00"},{"v":35640,"d":"35,640.00"},{"$nulls":3},0,{"$nulls":3},0]
["VALVOLA ELETTROMAGN.","TC153213","NR",18,{"v":603.9000000000001,"d":"603.90"},{"v":10870.2,"d":"10,870.20"},{"$nulls":3},0,{"$nulls":3},0]
["VALVOLA ","51.25902-0123 ","NR",44,{"v":572,"d":"572.00"},{"v":25168,"d":"25,168.00"},{"$nulls":3},0,{"$nulls":3},0]
["VENTOLA RAFFR. MOTORE","1365-APA-01","NR",10,{"v":1765.555,"d":"1,765.56"},{"v":17655.55,"d":"17,655.55"},{"$nulls":3},0,{"$nulls":3},0]
["VETRINO PULSANTE EMERGENZA","TO254555","NR",60,{"v":11.264000000000001,"d":"11.26"},675.84,{"$nulls":3},0,{"$nulls":3},0]
["VETRO INFERIORE","NK241394X","NR",20,{"v":681.725,"d":"681.73"},{"v":13634.5,"d":"13,634.50"},{"$nulls":3},0,{"$nulls":3},0]
["VETRO SUP. PORTA ANT","RP152191Y","NR",36,{"v":1190.86,"d":"1,190.86"},{"v":42870.96,"d":"42,870.96"},{"$nulls":3},0,{"$nulls":3},0]
["VETRO SUPERIORE","NK241424X","NR",6,806.96,{"v":4841.76,"d":"4,841.76"},{"$nulls":3},0,{"$nulls":3},0]
["VITE AUTOFILETTANTE","TF457586Y","NR",10,{"v":0.22000000000000003,"d":"0.22"},{"v":2.2,"d":"2.20"},{"$nulls":3},0,{"$nulls":3},0]
["VITE FALLETTO","1288123","NR",2,{"v":33.275000000000006,"d":"33.28"},{"v":66.55000000000001,"d":"66.55"},{"$nulls":3},{"$f":"I262*D262","v":0},{"$nulls":3},{"$f":"M262*D262","v":0}]
["VITE FLANGIATA ","06.03216-8312","NR",240,{"v":2.3100000000000005,"d":"2.31"},{"v":554.4000000000001,"d":"554.40"},{"$nulls":3},0,{"$nulls":3},0]
["VITE TORX ESTERNA","51.90490-0063","NR",30,2.09,{"v":62.699999999999996,"d":"62.70"},{"$nulls":3},0,{"$nulls":3},0]
["VOLANTE","1500.89000039","NR",30,{"v":508.20000000000005,"d":"508.20"},{"v":15246.000000000002,"d":"15,246.00"},{"$nulls":3},0,{"$nulls":3},0]
["VOLANTE","HD261109Y","NR",6,{"v":705.287,"d":"705.29"},{"v":4231.722,"d":"4,231.72"},{"$nulls":3},0,{"$nulls":3},0]
["PREZZO TOTALE LISTINO RICAMBI ",{"$nulls":4},{"$f":"SUM(F4:F266)","v":{"v":1443199.9941657446,"d":"1,443,199.99"}},"PREZZO TOTALE RICAMBI ORIGINALI OFFERTI (A)",null,null,{"$f":"SUM(J4:J266)","v":0},"PREZZO TOTALE RICAMBI EQUIVALENTI OFFERTI (B)",null,null,{"$f":"SUM(N4:N266)","v":0}]
[]
[]
[{"$nulls":6},"PREZZO TOTALE OFFERTO (A+B) IN CIFRE     €",{"$nulls":5},{"$f":"J267+N267","v":0}]
[]
["SCONTI RICAMBI FUORI LISTINO",{"$nulls":5},"PREZZO TOTALE OFFERTO (A+B) IN LETTERE     €"]
["TIPOLOOGIA DI RICAMBI","CATEGORIA SCONTO","Sconto\nOfferto\n%"]
["TEMSA"]
["MAN"]
["DAF"]
["EQUIVALENTE"]
[]
[]
[{"$nulls":5},"Data____________________________",null,null,"Timbro Ditta e firma________________________________________"]